Národná integrácia v maďarskej zahraničnej politike
Politicko-právne chápanie národa. Termín jednotný národ. Koncepcia integrácie národa ponad hranice a jej realizácia prostredníctvom zákona o zahraničných Maďaroch. Koncepcia vytvárania hospodárskych maďarsko-maďarských vzťahov. Menšinová politika Maďarska a EÚ.
Salvato in:
| Autore principale: | |
|---|---|
| Natura: | Capitolo di libro |
| Lingua: | slovacco |
| Soggetti: | |
| Tags: |
Nessun Tag, puoi essere il primo ad aggiungerne!!
|
MARC
| LEADER | 00000naa$a2200000$$$4500 | ||
|---|---|---|---|
| 001 | 0044416 | ||
| 005 | 20220629081727.3 | ||
| 041 | 0 | |a slo | |
| 044 | |a SK | ||
| 245 | 1 | 0 | |a Národná integrácia v maďarskej zahraničnej politike |c Milan Kurucz |
| 520 | |a Politicko-právne chápanie národa. Termín jednotný národ. Koncepcia integrácie národa ponad hranice a jej realizácia prostredníctvom zákona o zahraničných Maďaroch. Koncepcia vytvárania hospodárskych maďarsko-maďarských vzťahov. Menšinová politika Maďarska a EÚ. | ||
| 610 | 2 | 0 | |a Európska únia |
| 610 | 2 | 0 | |a politika národnostná |
| 610 | 2 | 0 | |a občianstvo štátne |
| 610 | 2 | 0 | |a národ |
| 610 | 2 | 0 | |a politika zahraničnohospodárska |
| 610 | 2 | 0 | |a Maďarsko |
| 610 | 2 | 0 | |a menšiny národnostné |
| 610 | 2 | 0 | |a integrácia |
| 100 | 1 | |a Kurucz, Milan, 1954- | |